| 000 | 00349 a2200145 4500 | ||
|---|---|---|---|
| 001 | 170111 | ||
| 020 | _a | ||
| 040 | _cMagnum | ||
| 100 | _aSociedade Brasileira de Quimica | ||
| 240 | 1 | 0 |
_aQuimica nova - maio/junho - v.22 - n.3 _lpor |
| 245 | 1 | 0 | _aQuimica nova - maio/junho - v.22 - n.3 |
| 362 | 0 | _a1899 | |
| 697 | _aPARADIDATICO | ||
| 942 | _cBK | ||
| 999 |
_c170111 _d170111 |
||